00807nam0a22002051 4500001003100000005001700031035002600048100004100074101000800115102000700123105001800130200023100148210007000379215001900449620001700468700005200485801002200537801002300559852001900582RU\INFOCOMM_322\NLR\500011029120250613104242.0 a(NLR Aleph) 009490280 a20121214d1925 |||y0rusy50 ca0 afre aRU ay z |||||1 aˆ...‰ Une station néolithique dans la tourbière près du village Lialovo aux sources de la rivière KliasmaeCompte-rendu des fouilles en 1923fBoris Al. KouftinegLe Musée d'Etat de la région industrielle centrale aMoscoud1925gтип. "Тайнинский печатник" a7 с.d27 см aМосква 1aKuftinbB. A.f1892-1953gBoris Aleksandrovič 1aRUbNLRc20121214 0aRUbINFOCOMMgPSBO aNLRjЕ-12/322